| 000 | 01108nam a2200313 a 4500 | ||
|---|---|---|---|
| 999 |
_c325975 _d325975 |
||
| 003 | BLK | ||
| 005 | 20231205112952.0 | ||
| 008 | 180409b bul|||||r ||||||| ||bul|| | ||
| 010 | _aKNG00117396000 | ||
| 020 | _a978-954-28-2624-8 | ||
| 040 | _aBLK | ||
| 041 |
_aBUL _cBUL |
||
| 072 | 7 |
_2bullib _aН84 _xБългарска художествена литература Н |
|
| 080 |
_aБългарска литература _b821.163.2 _x-32 _z821.163.2-32 |
||
| 100 | 1 |
_aДимова, Теодора Димитрова _eпърви автор _9373424 |
|
| 139 |
_aДимова, Теодора Димитрова _bД 60 |
||
| 245 | 1 | 0 |
_aЗове овцете си по име _cТеодора Димитрова Димова. _bХристиянски есета |
| 257 | _aBGR | ||
| 260 |
_bСиела Софт енд Паблишинг _c2018 _aСофия |
||
| 300 |
_a340 с. _c20 см |
||
| 380 | _aX | ||
| 500 | _aСъдържа и за авт. | ||
| 653 | _aромани | ||
| 659 | _aН | ||
| 852 |
_bП _cП 886.7-32/Д 60 |
||
| 856 | 4 | _qpdf | |
| 856 | 4 | _qpdf | |
| 942 |
_cKNG _n0 _012 |
||
| 944 |
_k30531 _lЦветелина Шанова |
||